Controlled release pesticides : a symposium /
Guardado en:
| Autores Corporativos: | , |
|---|---|
| Otros Autores: | |
| Formato: | Libro |
| Idioma: | English |
| Publicado: |
Washington :
American Chemical Society,
1977.
|
| Series: | ACS symposium series ;
53. |
| Etiquetas: |
Agregar Etiqueta
Sin Etiquetas, Sea el primero en etiquetar este registro!
|
| LEADER | 01046cam a2200241 a 4500 | ||
|---|---|---|---|
| 001 | EEA.libagro010219 | ||
| 005 | 20141031104800.0 | ||
| 008 | 770609s1977####dcua#####b####101#0#eng## | ||
| 010 | |a 77022339 | ||
| 020 | |a 0841203822 | ||
| 040 | |a DLC |c DLC |d DLC | ||
| 050 | 0 | 0 | |a SB951 |b .C648 1977 |
| 082 | 0 | 0 | |a 668.65 |
| 111 | 2 | |a Controlled-Release Pesticide Symposium, |c New Orleans, |d 1977. | |
| 245 | 1 | 0 | |a Controlled release pesticides : |b a symposium / |c sponsored by the Division of Pesticide Chemistry at the 173rd meeting of the American Chemical Society, New Orleans, La., March 21-22, 1977 ; Herbert B. Scher, editor. |
| 260 | |a Washington : |b American Chemical Society, |c 1977. | ||
| 300 | |a ix, 205 p. : |b il. ; |c 24 cm. | ||
| 490 | 1 | |a ACS symposium series ; 53, |x 0097-6156 | |
| 504 | |a Incluye referencias bibliográficas e índice. | ||
| 700 | 1 | |a Scher, Herbert B., |d 1937- | |
| 710 | 2 | |a American Chemical Society. |b Division of Pesticide Chemistry. | |
| 830 | 0 | |a ACS symposium series ; |v 53. | |
| 859 | |a AR-BbBCA |b BIB. AGRONOMIA |h 668.65 |i sC326 |p c1983/0143 | ||
